书目信息 |
| 题名: |
马克思主义文艺研究
|
|
| 作者: | 张江 主编 | |
| 分册: | ||
| 出版信息: | 北京 中国社会科学出版社 2020.3 |
|
| 页数: | ||
| 开本: | 16cm | |
| 丛书名: | ||
| 单 册: | ||
| 中图分类: | A811.691 | |
| 科图分类: | ||
| 主题词: | 马克思主义理论--文艺理论--理论研究 | |
| 电子资源: | ||
| ISBN: | 978-7-5203-6147-7 | |
| 000 | 01051nam0 2200217 450 | |
| 001 | 2051152403 | |
| 005 | 20201106141239.74 | |
| 010 | @a978-7-5203-6147-7@dCNY69.00 | |
| 100 | @a20200616d2020 em y0chiy0110 ea | |
| 101 | 0 | @achi |
| 102 | @aCN@b110000 | |
| 105 | @af z 000zy | |
| 200 | 1 | @a马克思主义文艺研究@9Ma Ke Si Zhu Yi Wen Yi Yan Jiu@f张江主编 |
| 210 | @a北京@c中国社会科学出版社@d2020.3 | |
| 215 | @d16cm | |
| 330 | @a本书是中国社会科学院原副院长张江主编,中国社会科学院文学研究所丁国旗执行主编,由中国社会科学院马克思主义文艺理论论坛秘书处、文学研究所马克思主义文学理论与批评研究室共同编辑出版的一本论文集,每年出版2期。本期内容分为五个板块:经典马克思主义文论研究、国外马克思主义文论研究、社会主义文艺研究、西方文论研究、前沿译介等,对马克思主义文艺理论的相关问题进行了研究。收入本书的文章大多数在国内正式学术期刊上发表过,有比较重要的学术研究价值。 | |
| 606 | 0 | @a马克思主义理论@x文艺理论@x理论研究 |
| 690 | 0 | @aA811.691@v5 |
| 701 | 0 | @a张江@9Zhang Jiang@4主编 |
| 801 | 0 | @aCN@b(网众)采访数据@c20201001 |
| 905 | @aZUCC@dA811.691@eZ122 | |
| 马克思主义文艺研究/张江主编.-北京:中国社会科学出版社,2020.3 |
| 16cm |
| ISBN 978-7-5203-6147-7:CNY69.00 |
| 本书是中国社会科学院原副院长张江主编,中国社会科学院文学研究所丁国旗执行主编,由中国社会科学院马克思主义文艺理论论坛秘书处、文学研究所马克思主义文学理论与批评研究室共同编辑出版的一本论文集,每年出版2期。本期内容分为五个板块:经典马克思主义文论研究、国外马克思主义文论研究、社会主义文艺研究、西方文论研究、前沿译介等,对马克思主义文艺理论的相关问题进行了研究。收入本书的文章大多数在国内正式学术期刊上发表过,有比较重要的学术研究价值。 |
| ● |
| 相关链接 |
|
|
|
正题名:马克思主义文艺研究
索取号:A811.691/Z122
 
预约/预借
| 序号 | 登录号 | 条形码 | 馆藏地/架位号 | 状态 | 备注 |
| 1 | 1482492 | 214824920 | 社科库509/509社科库 4排3列1层/ [索取号:A811.691/Z122] | 在馆 | |
| 2 | 1482493 | 214824939 | 社科库509/509社科库 4排3列1层/ [索取号:A811.691/Z122] | 在馆 |